Films avec Jonathan Cohen par image - Statistiques

Statistiques générales
  • Ce quiz a été pris 49 fois
  • Le résultat moyen est 5 sur 16
Statistiques - réponses
Par images Réponse % Correct
Astérix et Obélix : L'Empire du Milieu
98%
Daaaaaalí !
66%
Budapest
63%
Coexister
51%
Sentinelle
51%
Papa ou Maman 2
37%
Premières Vacances
29%
La Folle Histoire de Max et Léon
22%
Enorme
20%
Une année difficile
20%
En même temps
15%
Forte
12%
Blanche comme neige
10%
Pop Redemption
10%
Terrible jungle
10%
Ami-ami
7%
Aucun quiz correspondant
Distribution des résultats
% des personnes avec chaque résultat
Percentile par nombre de réponses
Votre historique - résultats
Vous n’avez pas pris ce quiz